000
00309nam a22001337a 4500
008
171017b xxu||||| |||| 00| 0 eng d
020
_a
2900742554442
041
_a
eng
080
_2
3 ED
_a
331.262.101
100
_a
52
101
_a
BNJ
245
_a
ADS FADS CONSUMER CULTURE
_c
ASA.A
942
_2
udc
_c
BK
999
_c
34311
_d
34311